000 01494 a2200337 4500
020 _a0812017048
020 _a9780812017045
082 0 4 _a510.76
090 _c302
_d302
100 1 _aDodge, Howard P.
245 1 0 _aHow to prepare for sat ii :
_bmathematics level iic /
_cHoward P. Dodge.
250 _a5th ed.
260 _a[S.l.] :
_bBarrons Educational Series Inc,
_c1994.
300 _a242 p. ;
_c28 cm.
500 _aPaperback.
520 _aA preparation manual for the SAT II in Math IIC features nine model tests, including calculator-active problems, as well as fully explained questions on polynomial and trigonometric functions, permutations, probability, sequences, and logic. Original.
650 4 _aEducational: Mathematics & numeracy.
650 4 _aEducational: study & revision guides.
650 4 _aStudy Guides.
650 4 _aSAT & PSAT.
650 4 _aStudy Aids / SAT & PSAT (Scholastic Assessment Test & Preliminary Scholastic Assessment Test)
650 4 _aStudy guides, home study & revision notes.
650 4 _aCollege entrance achievement tests.
650 4 _aExaminations, questions, etc.
650 4 _aMathematics.
650 4 _aUnited States.
650 4 _aSchool Textbooks & Study Guides: Maths, Science & Technical.
856 4 0 _3Amazon.com
_uhttp://www.amazon.com/exec/obidos/ASIN/0812017048/chopaconline-20
856 4 0 _3Amazon customer reviews
_uhttp://www.chopac.org/cgi-bin/tools/azrev.pl?q=0812017048
942 _aNBS
_cBK
_k510.284
999 _c342871
_d342871